[Event "Faxe Dags EMT 2012"]
[Site "Faxe"]
[Date "2012.05.09"]
[Round "6"]
[White "Brinkhard, Anders"]
[Black "Kjeldgaard, Lennart"]
[Result "1-0"]
[WhiteElo "1557"]
[BlackElo "1614"]
[PlyCount "93"]
[EventDate "2012.??.??"]

1. Nf3 d5 2. d4 Nc6 3. c3 Bf5 4. Bf4 e6 5. h3 h5 6. e3 Bd6 7. Bxd6 Qxd6 8. Bd3
Nge7 9. Bxf5 Nxf5 10. Qc2 Nfe7 11. Nbd2 g5 12. O-O-O O-O-O 13. Nxg5 Rdf8 14.
Ngf3 Rhg8 15. Rhg1 f6 16. Kb1 e5 17. dxe5 fxe5 18. e4 Qg6 19. exd5 Qxc2+ 20.
Kxc2 Nxd5 21. Ne4 Nf4 22. Nfg5 Ne2 23. Rge1 Nf4 24. g3 Ng6 25. h4 Rd8 26. Rxd8+
Rxd8 27. Rd1 Re8 28. Rd2 Rf8 29. Rd3 Nge7 30. Rf3 Rxf3 31. Nxf3 Nf5 32. Nfg5
Ng7 33. b3 b6 34. Kd3 Kd7 35. Nf6+ Kd6 36. Ke4 a5 37. Nd5 Nd8 38. Ne3 Nc6 39.
Nc4+ Kc5 40. Nxe5 Nxe5 41. Kxe5 b5 42. Ne4+ Kb6 43. f4 c5 44. f5 c4 45. bxc4 b4
46. cxb4 Ne8 47. f6 1-0

[Event "Faxe Dags EMT 2012"]
[Site "Faxe"]
[Date "2012.05.09"]
[Round "6"]
[White "Wehlast, Svend Erik"]
[Black "Hansen, Borge"]
[Result "1/2-1/2"]
[WhiteElo "1475"]
[BlackElo "1581"]
[PlyCount "118"]
[EventDate "2012.??.??"]

1. Nf3 d5 2. d4 e6 3. a3 Be7 4. Bf4 Nf6 5. h3 Nbd7 6. e3 a6 7. b4 b6 8. b5 Bb7
9. Nbd2 axb5 10. Bxb5 c6 11. Bd3 Bxa3 12. Rb1 b5 13. O-O O-O 14. Nb3 h6 15. Bg3
Ne8 16. Nh2 Bd6 17. f4 f5 18. Nf3 Nef6 19. Bh4 Be7 20. Qe1 Bc8 21. Bg3 Ne4 22.
Bh4 Nef6 23. Ne5 Nxe5 24. fxe5 Nh7 25. Bxe7 Qxe7 26. Nc5 Ng5 27. Qe2 Ra2 28.
Ra1 Qa7 29. Rxa2 Qxa2 30. Qh5 Qa7 31. h4 Ne4 32. Bxe4 dxe4 33. Qg6 Qf7 34. h5
Qe7 35. Ra1 Qg5 36. Qxg5 hxg5 37. g3 Kh7 38. Ra8 Re8 39. Kg2 Kh6 40. Na6 Kxh5
41. Nc7 Rg8 42. c3 Kg6 43. Na6 Kh7 44. Nc5 Kg6 45. Nb7 Kh7 46. Nd6 Bd7 47. Ra7
Be8 48. Re7 Bh5 49. Rxe6 Bf3+ 50. Kf2 Rf8 51. Re7 f4 52. gxf4 gxf4 53. Nf7 Kg8
54. e6 Bh5 55. exf4 Bxf7 56. exf7+ Rxf7 57. Rxe4 Rf6 58. Kf3 Kf7 59. Re5 g6
1/2-1/2

[Event "Faxe Dags EMT 2012"]
[Site "Faxe"]
[Date "2012.05.09"]
[Round "6"]
[White "Andersen, Hans E"]
[Black "Larsen, Paul M"]
[Result "0-1"]
[WhiteElo "1576"]
[BlackElo "1293"]
[PlyCount "60"]
[EventDate "2012.??.??"]

1. e4 c6 2. Nc3 d5 3. d4 dxe4 4. Nxe4 Bf5 5. Ng3 Bg6 6. c3 e6 7. Bd3 Bxd3 8.
Qxd3 Nf6 9. Nf3 Qc7 10. Ne4 Nbd7 11. g3 Nxe4 12. Qxe4 Nf6 13. Qd3 Bd6 14. Bg5
Nd5 15. h4 h6 16. Bd2 O-O-O 17. O-O-O Kb8 18. Rde1 Ka8 19. Re2 c5 20. c4 cxd4
21. Qxd4 Nb6 22. b3 Ba3+ 23. Kc2 Rxd4 24. Nxd4 Nxc4 25. Nb5 Ne3+ 26. Kb1 Qc6
27. Nxa3 Qxh1+ 28. Re1 Qe4+ 29. Kb2 Qd4+ 30. Bc3 Nd1+ 0-1

[Event "Faxe Dags EMT 2012"]
[Site "Faxe"]
[Date "2012.05.09"]
[Round "6"]
[White "Refsgaard, Kaj"]
[Black "Toftvang, Ove"]
[Result "1-0"]
[WhiteElo "1428"]
[BlackElo "1252"]
[PlyCount "107"]
[EventDate "2012.??.??"]

1. Nf3 d6 2. g3 e5 3. Bg2 Be7 4. O-O h6 5. c4 c5 6. Nc3 Nf6 7. d3 Bd7 8. Nd2
Bc8 9. Nde4 Nbd7 10. Nb5 Nxe4 11. dxe4 Nf6 12. Nc3 Be6 13. Nd5 O-O 14. e3 Nh7
15. f4 f5 16. exf5 Bc8 17. fxe5 dxe5 18. e4 Kh8 19. Qe2 Bf6 20. Be3 b6 21. Rad1
Bd7 22. Rd3 Rb8 23. Rfd1 Rb7 24. Bd2 Qc8 25. Bc3 Qb8 26. Nxb6 Rxb6 27. Rxd7 Rb7
28. b3 Rxd7 29. Rxd7 Rd8 30. Qd3 Qc8 31. Rxd8+ Bxd8 32. Bxe5 Bf6 33. Qd5 a5 34.
Qd6 Bxe5 35. Qxe5 Nf6 36. Bf3 h5 37. Qe6 Qd8 38. e5 Ng4 39. Bxg4 hxg4 40. Qd5
Qg5 41. Qe4 Qc1+ 42. Kf2 Qb2+ 43. Qe2 Qd4+ 44. Kg2 Kg8 45. h3 gxh3+ 46. Kxh3
Kf8 47. e6 Ke7 48. Qh5 Qe4 49. Qf7+ Kd6 50. Qd7+ Ke5 51. Qxg7+ Kd6 52. Qd7+ Ke5
53. Qd5+ Qxd5 54. cxd5 1-0

[Event "Faxe Dags EMT 2012"]
[Site "Faxe"]
[Date "2012.05.09"]
[Round "6"]
[White "Rasmussen, Frede"]
[Black "Jakobsen, Henning"]
[Result "1-0"]
[WhiteElo "1514"]
[BlackElo "1395"]
[PlyCount "117"]
[EventDate "2012.??.??"]

1. d4 Nf6 2. Bf4 d6 3. h3 g6 4. e3 Bg7 5. Bb5+ Bd7 6. Bxd7+ Nfxd7 7. Nf3 O-O 8.
O-O Nc6 9. c3 e5 10. Bh2 f5 11. Qb3+ Kh8 12. Qxb7 Ne7 13. Qb3 h6 14. Qc2 Ng8
15. Rd1 e4 16. Nfd2 Nb6 17. Na3 g5 18. c4 Nd7 19. Nb5 Rf6 20. Nc3 Rg6 21. g3
Ndf6 22. Ne2 h5 23. Kh1 Bh6 24. Rg1 Ne7 25. Rg2 Qg8 26. Rag1 Qh7 27. Qb3 Rgg8
28. Qc3 Nd7 29. a4 Bg7 30. Qa3 Rab8 31. b4 Nf6 32. Rc1 h4 33. Rcg1 Qh5 34. g4
fxg4 35. hxg4 Qh7 36. Rb1 h3 37. Rgg1 Qh4 38. f3 exf3 39. Nxf3 Qh7 40. Ng3 Ne4
41. Nxe4 Qxe4 42. Rg3 Kh7 43. Rd1 Bh6 44. Qd3 Qxd3 45. Rxd3 Rxb4 46. Nd2 Rxa4
47. Rxh3 Rf8 48. c5 Ra1+ 49. Kg2 Ng6 50. Bg3 Rd8 51. cxd6 cxd6 52. Kf3 Rf8+ 53.
Ke2 Re8 54. Bxd6 Kg7 55. Be5+ Kf7 56. Rxh6 Nxe5 57. dxe5 Rxe5 58. Rd7+ Ke8 59.
Rb7 1-0

[Event "Faxe Dags EMT 2012"]
[Site "Faxe"]
[Date "2012.05.09"]
[Round "6"]
[White "Karstensen, Preben"]
[Black "Hansen, Knud"]
[Result "1/2-1/2"]
[WhiteElo "1354"]
[BlackElo "1506"]
[PlyCount "67"]
[EventDate "2012.??.??"]

1. e4 e5 2. Nf3 d6 3. h3 Be7 4. Bc4 Nf6 5. d3 O-O 6. O-O Nc6 7. Be3 Na5 8. Nbd2
a6 9. Bb3 Nxb3 10. Nxb3 h6 11. c4 c5 12. a4 Bd7 13. Nbd2 a5 14. Nh2 Nh7 15. f4
f5 16. fxe5 dxe5 17. exf5 Bxf5 18. Ne4 Qc7 19. Qc2 Rad8 20. Rad1 b6 21. Nf3 Nf6
22. Nc3 Be6 23. Nb5 Qb8 24. Qe2 Nd7 25. Nc3 Nf6 26. Bf2 Bd6 27. Nb5 Nd7 28. Bg3
Rde8 29. b3 Bf7 30. Nc3 Bh5 31. Ne4 Bc7 32. Qe3 Re6 33. Rde1 Rfe8 34. Nh4
1/2-1/2

[Event "Faxe Dags EMT 2012"]
[Site "Faxe"]
[Date "2012.05.09"]
[Round "6"]
[White "Sorensen, Lindved"]
[Black "Adrian, Michael"]
[Result "1-0"]
[WhiteElo "1501"]
[BlackElo "1390"]
[PlyCount "51"]
[EventDate "2012.??.??"]

1. Nf3 Nf6 2. c4 e6 3. d3 b6 4. g3 Bb7 5. Bg2 Be7 6. Nc3 d5 7. cxd5 exd5 8. Bf4
h6 9. Rc1 c5 10. Ne5 O-O 11. O-O Nbd7 12. Qb3 g5 13. Nxd7 Qxd7 14. Be5 Ng4 15.
f4 Ne3 16. Rf3 d4 17. Ne4 Bd5 18. Qa3 g4 19. Rxe3 dxe3 20. Qc3 Bxe4 21. Bxe4
Rad8 22. Bg7 Rfe8 23. Bxh6 f6 24. Qc4+ Kh8 25. Qf7 Bd6 26. Bg7# 1-0

[Event "Faxe Dags EMT 2012"]
[Site "Faxe"]
[Date "2012.05.09"]
[Round "6"]
[White "Christoffersen, Ib"]
[Black "Hansen, Arne Mandrup"]
[Result "0-1"]
[WhiteElo "1452"]
[BlackElo "1313"]
[PlyCount "124"]
[EventDate "2012.??.??"]

1. d4 Nf6 2. Nf3 g6 3. Nc3 d5 4. h3 Bg7 5. Bf4 O-O 6. e3 c5 7. dxc5 Qa5 8. Bd3
Qxc5 9. O-O Nc6 10. Qd2 e6 11. Rad1 Qe7 12. Nb5 e5 13. Bg5 e4 14. Be2 exf3 15.
Bxf3 Be6 16. Rfe1 Qc5 17. Nc7 Rac8 18. Nxe6 fxe6 19. c3 Ne5 20. Qe2 Nxf3+ 21.
gxf3 h6 22. Bh4 g5 23. Bg3 Nh7 24. f4 Rf5 25. e4 dxe4 26. Qxe4 Qc6 27. Qe3 Rcf8
28. fxg5 Nxg5 29. Re2 Nxh3+ 30. Kh2 Ng5 31. Kg1 Rf3 32. Qd2 Nh3+ 33. Kh2 Nf4
34. Re3 Rxe3 35. fxe3 Nd5 36. Rg1 Nf6 37. Bf4 Qf3 38. Qg2 Qxg2+ 39. Rxg2 h5 40.
Kg1 Ng4 41. Rg3 Rf5 42. Bd6 Be5 43. Bxe5 Rxe5 44. Kg2 Rxe3 45. Kh3 Rxg3+ 46.
Kxg3 Nf6 47. b4 a6 48. c4 e5 49. a4 Nd7 50. b5 axb5 51. cxb5 Nb8 52. a5 Kf7 53.
Kf3 Kf6 54. Ke4 h4 55. Kd5 h3 56. Kd6 h2 57. Kc7 h1=Q 58. Kxb8 Qh7 59. a6 bxa6
60. bxa6 e4 61. a7 Qxa7+ 62. Kxa7 e3 0-1

[Event "Faxe Dags EMT 2012"]
[Site "Faxe"]
[Date "2012.05.09"]
[Round "6"]
[White "Nielsen, Flemming"]
[Black "Larsen, Poul Erik"]
[Result "1-0"]
[WhiteElo "1399"]
[BlackElo "1307"]
[PlyCount "55"]
[EventDate "2012.??.??"]

1. e4 c5 2. d4 cxd4 3. Nf3 e6 4. Nxd4 Bc5 5. c3 Nc6 6. Bc4 Nge7 7. O-O d5 8.
exd5 exd5 9. Nxc6 bxc6 10. Bb3 O-O 11. Qf3 Ng6 12. Be3 Bb6 13. Nd2 a5 14. a4
Ne5 15. Qh5 Bc7 16. Bc2 h6 17. Qd1 Ng4 18. Nf3 Re8 19. Qd3 Nf6 20. Rfe1 Ba6 21.
Qf5 Bc8 22. Qd3 Ne4 23. b3 Bf5 24. Nd4 Nd6 25. Nxf5 Ne4 26. f3 Nf6 27. Bd4 Nh5
28. Nxh6+ 1-0

[Event "Faxe Dags EMT 2012"]
[Site "Faxe"]
[Date "2012.05.09"]
[Round "6"]
[White "Andersen, Hans Poul"]
[Black "Joost, Kjeld"]
[Result "1-0"]
[WhiteElo "1202"]
[BlackElo "1254"]
[PlyCount "67"]
[EventDate "2012.??.??"]

1. e4 e5 2. Bc4 Nc6 3. Nf3 Nf6 4. d3 Bc5 5. h3 a6 6. a3 b5 7. Ba2 h6 8. Bd2 Bb7
9. O-O Ne7 10. Nxe5 d5 11. Ng4 Qd6 12. e5 Qc6 13. exf6 gxf6 14. Qf3 f5 15. Ne5
Qf6 16. Re1 O-O-O 17. Bf4 Rhg8 18. Qh5 Qg7 19. g4 f6 20. Qf7 fxg4 21. Qe6+ Kb8
22. Nxg4 f5 23. Be5 Qg5 24. d4 fxg4 25. dxc5 gxh3+ 26. Bg3 Bc8 27. Qxe7 Qxg3+
28. fxg3 Rxg3+ 29. Kf2 Rg2+ 30. Ke3 d4+ 31. Kf4 Rf2+ 32. Ke5 Rf5+ 33. Ke4 Rdf8
34. Kxd4 1-0

[Event "Faxe Dags EMT 2012"]
[Site "Faxe"]
[Date "2012.05.16"]
[Round "7"]
[White "Christensen, Lars (1957)"]
[Black "Frederiksen, Uffe"]
[Result "1-0"]
[WhiteElo "1901"]
[BlackElo "1712"]
[PlyCount "55"]
[EventDate "2012.??.??"]

1. e4 c5 2. Nf3 Nc6 3. d4 cxd4 4. c3 d3 5. Bxd3 d6 6. b3 Nf6 7. O-O Bg4 8. Nbd2
Ne5 9. Nxe5 dxe5 10. Bb5+ Bd7 11. Qe2 Qc7 12. Bb2 a6 13. Bxd7+ Nxd7 14. Nc4 e6
15. Rfd1 b5 16. Nd2 Be7 17. a4 Rb8 18. axb5 axb5 19. Ra2 O-O 20. Rda1 f6 21. b4
Qc6 22. Ra6 Rb6 23. Ra7 Rd8 24. Nb3 Qc4 25. Qxc4 bxc4 26. Na5 Kf8 27. Kf1 Rbb8
28. Nc6 1-0

[Event "Faxe Dags EMT 2012"]
[Site "Faxe"]
[Date "2012.05.16"]
[Round "7"]
[White "Jensen, Leif"]
[Black "Ostrem, Eyolf"]
[Result "1-0"]
[WhiteElo "1982"]
[BlackElo "1414"]
[PlyCount "53"]
[EventDate "2012.??.??"]

1. e4 c6 2. Nf3 d5 3. Nc3 Bg4 4. Be2 e6 5. exd5 cxd5 6. Ne5 Bxe2 7. Qxe2 Nf6 8.
Qb5+ Nbd7 9. d4 Qb6 10. Qxb6 Nxb6 11. Nd3 a6 12. Ne2 Rc8 13. c3 Be7 14. Bg5
Nbd7 15. f3 h6 16. Bxf6 Bxf6 17. Rd1 O-O 18. Kf2 Be7 19. g3 Bd6 20. Rhe1 Nb6
21. h3 Rc7 22. f4 a5 23. Kf3 Nd7 24. g4 f5 25. g5 h5 26. Ng3 g6 27. Rxe6 1-0

[Event "Faxe Dags EMT 2012"]
[Site "Faxe"]
[Date "2012.05.16"]
[Round "7"]
[White "Christoffersen, Per"]
[Black "Petersen, Bent"]
[Result "0-1"]
[WhiteElo "1646"]
[BlackElo "1915"]
[PlyCount "74"]
[EventDate "2012.??.??"]

1. Nf3 Nf6 2. d4 e6 3. e3 b6 4. Bd3 Bb7 5. Nbd2 c5 6. c3 Nc6 7. O-O Be7 8. e4
cxd4 9. cxd4 O-O 10. a3 d6 11. Re1 Rc8 12. Qe2 Rc7 13. Nf1 Na5 14. b4 Nb3 15.
Rb1 Nxc1 16. Rbxc1 Qc8 17. Rc2 Rxc2 18. Bxc2 Qc3 19. Qd3 Rc8 20. Re2 Qxd3 21.
Bxd3 Rc3 22. Rc2 Rxc2 23. Bxc2 Nxe4 24. N3d2 Nc3 25. Bd3 f5 26. f3 Bf6 27. Nb3
Bc6 28. Nfd2 Bb5 29. Bxb5 Nxb5 30. Nc4 d5 31. Ne5 Nxa3 32. Nc6 Nb5 33. Kf2 Kf8
34. Ke3 Ke8 35. f4 Kd7 36. Ne5+ Bxe5 37. fxe5 Kc6 0-1

[Event "Faxe Dags EMT 2012"]
[Site "Faxe"]
[Date "2012.05.16"]
[Round "7"]
[White "Hansen, Aage"]
[Black "Brinkhard, Anders"]
[Result "1/2-1/2"]
[WhiteElo "1613"]
[BlackElo "1557"]
[PlyCount "92"]
[EventDate "2012.??.??"]

1. e4 e6 2. c4 c6 3. Nc3 d5 4. cxd5 exd5 5. exd5 cxd5 6. Bb5+ Nc6 7. Nge2 Nf6
8. O-O Be7 9. Nd4 Bd7 10. Qa4 Qb6 11. Nxc6 bxc6 12. Bd3 O-O 13. Qc2 Qc5 14. a3
d4 15. b4 Qd6 16. Ne4 Nxe4 17. Bxe4 g6 18. Bb2 Bf6 19. Qd3 Rac8 20. Qa6 Qc7 21.
Rac1 Qb6 22. Qd3 a5 23. Qf3 Bg7 24. Rb1 axb4 25. axb4 Qxb4 26. Ba3 Qxd2 27.
Bxf8 Bxf8 28. Rfd1 Qg5 29. Rxd4 Bg4 30. Qg3 Qc5 31. Qxg4 Qxd4 32. Qxc8 Qxe4 33.
Rc1 c5 34. h3 Qd4 35. Re1 Kg7 36. Re8 Qd1+ 37. Kh2 Qd6+ 38. g3 Qd4 39. Re3 Qd2
40. Kg2 Qd5+ 41. Rf3 Be7 42. Qa6 c4 43. Qa1+ f6 44. Qe1 Bd6 45. Qe3 Be5 46.
Qa7+ Kg8 1/2-1/2

[Event "Faxe Dags EMT 2012"]
[Site "Faxe"]
[Date "2012.05.16"]
[Round "7"]
[White "Nielsen, Harald"]
[Black "Strandsbjerg, Jens"]
[Result "0-1"]
[WhiteElo "1393"]
[BlackElo "1433"]
[PlyCount "70"]
[EventDate "2012.??.??"]

1. e4 e6 2. d4 d5 3. e5 c5 4. c3 Nc6 5. Nf3 cxd4 6. cxd4 Bb4+ 7. Bd2 Bxd2+ 8.
Nbxd2 Bd7 9. Nb3 Rc8 10. Bb5 Nxe5 11. Bxd7+ Nxd7 12. O-O Ngf6 13. Rc1 O-O 14.
Re1 b6 15. Nbd2 Rxc1 16. Qxc1 Qb8 17. Nb3 Rc8 18. Qd2 Rc4 19. Qd3 Qf4 20. g3
Qc7 21. Ne5 Nxe5 22. Rxe5 Rc2 23. Re2 Rc4 24. f3 a5 25. Kg2 h6 26. h4 a4 27.
Nd2 Rc2 28. Qb5 Qc6 29. Qxc6 Rxc6 30. Nb1 Rc4 31. Nc3 Rxd4 32. Nb5 Rb4 33. Nd6
Nd7 34. a3 Rb3 35. Rc2 Nc5 0-1

[Event "Faxe Dags EMT 2012"]
[Site "Faxe"]
[Date "2012.05.16"]
[Round "7"]
[White "Larsen, Paul M"]
[Black "Sorensen, Lindved"]
[Result "0-1"]
[WhiteElo "1293"]
[BlackElo "1501"]
[PlyCount "84"]
[EventDate "2012.??.??"]

1. d4 Nf6 2. Nf3 e6 3. e3 a6 4. Bd3 b5 5. O-O c5 6. c3 Bb7 7. Nbd2 Qc7 8. Qe2
Bd6 9. h3 O-O 10. e4 Nh5 11. e5 Be7 12. Ne4 f5 13. Neg5 h6 14. Nh2 Qc6 15. Ngf3
g5 16. Ne1 Ng7 17. f4 cxd4 18. cxd4 Qd5 19. Be3 Nc6 20. Qf3 Nb4 21. Qxd5 Nxd5
22. Bd2 Nh5 23. fxg5 hxg5 24. Nef3 Ndf4 25. Bxf4 Nxf4 26. Ne1 Bb4 27. Rxf4 gxf4
28. a3 Bd2 29. Nc2 Be4 30. Rd1 Bxd3 31. Rxd2 Be4 32. Ne1 Rac8 33. Nhf3 Rc1 34.
Kf2 Rfc8 35. Nd3 R1c2 36. Ke2 Rxd2+ 37. Kxd2 Bxf3 38. gxf3 Rc4 39. Nxf4 Rxd4+
40. Ke3 Rd1 41. Nh5 Kf7 42. Nf6 d6 0-1

[Event "Faxe Dags EMT 2012"]
[Site "Faxe"]
[Date "2012.05.16"]
[Round "7"]
[White "Kjeldgaard, Lennart"]
[Black "Wehlast, Svend Erik"]
[Result "0-1"]
[WhiteElo "1614"]
[BlackElo "1475"]
[PlyCount "124"]
[EventDate "2012.??.??"]

1. e4 d5 2. e5 Nc6 3. d4 Bf5 4. Bb5 e6 5. Nf3 a6 6. Bxc6+ bxc6 7. a3 c5 8. c3
h6 9. Qa4+ Qd7 10. Qxd7+ Kxd7 11. dxc5 Bxc5 12. b4 Ba7 13. Nd4 Bd3 14. Be3 Ne7
15. Nd2 Nf5 16. Nxf5 Bxf5 17. Bxa7 Rxa7 18. O-O c6 19. Nb3 f6 20. Nc5+ Ke7 21.
Rfe1 Re8 22. Re3 fxe5 23. Rxe5 Kf6 24. Rae1 Ree7 25. h3 h5 26. f3 h4 27. Nb3 g6
28. Nd4 Rac7 29. f4 Be4 30. Kf2 Bf5 31. Nf3 c5 32. Nxh4 cxb4 33. cxb4 Be4 34.
g4 Rc2+ 35. Re2 Rc3 36. Re3 Rc2+ 37. Kg3 g5 38. Rxg5 Rg7 39. Rxg7 Kxg7 40. Nf3
Kf6 41. g5+ Kg6 42. Nh4+ Kg7 43. Nf3 Rc1 44. Nd4 Rg1+ 45. Kh4 Kf7 46. Rc3 Rf1
47. Rc7+ Ke8 48. Nxe6 Bf5 49. Ng7+ Kd8 50. Nxf5 Rxf4+ 51. Kg3 Rxf5 52. Rg7 d4
53. Kg4 d3 54. Kxf5 d2 55. Rg8+ Ke7 56. Rg7+ Kd8 57. Rh7 d1=Q 58. g6 Qd3+ 59.
Kf6 Qc3+ 60. Kf7 Qc4+ 61. Kf8 Qe6 62. g7 Qe8# 0-1

[Event "Faxe Dags EMT 2012"]
[Site "Faxe"]
[Date "2012.05.16"]
[Round "7"]
[White "Eckert, Svend"]
[Black "Andersen, Hans E"]
[Result "1-0"]
[WhiteElo "1630"]
[BlackElo "1576"]
[PlyCount "93"]
[EventDate "2012.??.??"]

1. c4 Nf6 2. d4 c6 3. Nc3 d5 4. e3 Bf5 5. c5 e6 6. b4 b6 7. Bb2 Nbd7 8. Nf3 Qb8
9. a3 bxc5 10. dxc5 Nxc5 11. Nd4 Qb7 12. Nxf5 exf5 13. Qc2 Nce4 14. f3 Nd6 15.
Na4 Be7 16. Rc1 Rc8 17. Nc5 Qb6 18. Bd4 Qc7 19. Ba6 Rb8 20. Be5 O-O 21. Bd3 g6
22. Na6 Qb6 23. Bd4 Qd8 24. Nxb8 Qxb8 25. O-O Rc8 26. Qc3 Nfe8 27. Rc2 Nb5 28.
Bxb5 Qxb5 29. Bxa7 Bf6 30. Bd4 Bxd4 31. Qxd4 Nd6 32. Rc5 Qa6 33. Rfc1 Nc4 34.
Qc3 Re8 35. Re1 Re6 36. e4 Qxa3 37. Rxc4 Qxc3 38. Rxc3 fxe4 39. fxe4 dxe4 40.
Kf2 f5 41. g3 Rd6 42. Re2 Kf7 43. Ke3 Ke6 44. Rd2 Rxd2 45. Kxd2 Kd5 46. Ke3 g5
47. Rc5+ 1-0

[Event "Faxe Dags EMT 2012"]
[Site "Faxe"]
[Date "2012.05.16"]
[Round "7"]
[White "Hansen, Borge"]
[Black "Rasmussen, Frede"]
[Result "0-1"]
[WhiteElo "1581"]
[BlackElo "1514"]
[PlyCount "108"]
[EventDate "2012.??.??"]

1. e4 e6 2. Nc3 a6 3. Nf3 Bb4 4. d3 Bxc3+ 5. bxc3 h6 6. Be2 Nf6 7. O-O d6 8.
Nd4 c5 9. Nb3 b5 10. Bf3 Bb7 11. a3 Qc7 12. Nd2 Nbd7 13. Rb1 e5 14. c4 Bc6 15.
Be2 O-O 16. cxb5 axb5 17. c3 Rfb8 18. f4 Nb6 19. fxe5 dxe5 20. Qc2 Na4 21. h3
Qa5 22. Nb3 Qxc3 23. Qd2 Qxd2 24. Bxd2 c4 25. dxc4 Nxe4 26. cxb5 Bxb5 27. Bxb5
Rxb5 28. Bb4 f6 29. Rbc1 Rd8 30. Rfe1 Ng5 31. Re3 Rbd5 32. Rc4 Nb2 33. Rc2 Rd1+
34. Kh2 Nd3 35. Ba5 Rd7 36. Rc3 Nf4 37. Rc8+ Kh7 38. h4 Nge6 39. Bb4 Nd5 40.
Nc5 Nxc5 41. Bxc5 Nxe3 42. Bxe3 R1d3 43. Bc1 R3d4 44. g3 Ra4 45. Rc3 Rdd4 46.
Be3 Rdc4 47. Rb3 Kg6 48. Kh3 h5 49. Bd2 Rc2 50. Bb4 Ra6 51. Rd3 Rac6 52. Re3
Ra2 53. Rb3 Rcc2 54. Re3 Rh2# 0-1

[Event "Faxe Dags EMT 2012"]
[Site "Faxe"]
[Date "2012.05.16"]
[Round "7"]
[White "Hansen, Knud"]
[Black "Nielsen, Flemming"]
[Result "1-0"]
[WhiteElo "1506"]
[BlackElo "1399"]
[PlyCount "131"]
[EventDate "2012.??.??"]

1. e4 e5 2. Bc4 Nf6 3. d3 Nc6 4. Nf3 d6 5. Ng5 d5 6. exd5 Nd4 7. c3 b5 8. Bb3
Nf5 9. c4 Bb4+ 10. Bd2 Bxd2+ 11. Nxd2 b4 12. Ndf3 Qe7 13. O-O O-O 14. Re1 Nd7
15. Qd2 f6 16. Ne4 a5 17. c5 Kh8 18. Rac1 Re8 19. h3 Nf8 20. d4 Ng6 21. dxe5
fxe5 22. Qg5 Qf8 23. Qd2 Nfh4 24. Nxh4 Nxh4 25. Qe3 Ra6 26. c6 Ra8 27. Bc2 h6
28. Qg3 Qe7 29. Nd2 Bf5 30. Bb3 Bh7 31. Nc4 e4 32. Bc2 Nf5 33. Qf4 Nd6 34. Nd2
Rf8 35. Qe3 Qh4 36. Qg3 Qe7 37. Qg4 Rae8 38. Re3 Rf5 39. Nxe4 h5 40. Qe2 Re5
41. Nxd6 Qxd6 42. Bxh7 Kxh7 43. Qd3+ Kg8 44. Rce1 Rxe3 45. Rxe3 Rf8 46. Qe4 Qc5
47. Rf3 Rd8 48. Qe6+ Kh7 49. Rf5 Qc1+ 50. Kh2 Qh6 51. Qxh6+ Kxh6 52. Kg3 Kg6
53. Kf4 a4 54. g4 hxg4 55. hxg4 Re8 56. Re5 Rd8 57. Ke4 b3 58. axb3 Rb8 59.
bxa4 Rxb2 60. Ke3 Ra2 61. Re4 Kg5 62. f3 Ra3+ 63. Kf2 Rd3 64. Re5+ Kf6 65. Rf5+
Ke7 66. Kg3 1-0

[Event "Faxe Dags EMT 2012"]
[Site "Faxe"]
[Date "2012.05.16"]
[Round "7"]
[White "Jakobsen, Henning"]
[Black "Karstensen, Preben"]
[Result "0-1"]
[WhiteElo "1395"]
[BlackElo "1354"]
[PlyCount "66"]
[EventDate "2012.??.??"]

1. d4 d5 2. c4 c6 3. Nc3 Nf6 4. Nf3 g6 5. Bg5 Bg7 6. e3 Bg4 7. Be2 Bxf3 8. Bxf3
dxc4 9. Qc2 Nbd7 10. O-O O-O 11. Rac1 Nb6 12. a4 a5 13. Rfd1 Nfd5 14. Nxd5 cxd5
15. b3 f6 16. Bf4 e6 17. bxc4 Nxc4 18. Qb3 Qd7 19. Be2 Rac8 20. Rb1 Rf7 21.
Bxc4 Rxc4 22. Rdc1 e5 23. Rxc4 dxc4 24. Qb5 exf4 25. Qxc4 fxe3 26. fxe3 Bh6 27.
Rb3 Qc7 28. Qe6 Qd7 29. Qc4 Kg7 30. Kf2 Qc7 31. Qd5 Rd7 32. Qe4 Re7 33. Qf3
Qc2+ 0-1

[Event "Faxe Dags EMT 2012"]
[Site "Faxe"]
[Date "2012.05.16"]
[Round "7"]
[White "Toftvang, Ove"]
[Black "Christoffersen, Ib"]
[Result "0-1"]
[WhiteElo "1252"]
[BlackElo "1452"]
[PlyCount "170"]
[EventDate "2012.??.??"]

1. g3 d5 2. d4 Nc6 3. Nf3 e6 4. c3 h6 5. Bg2 Nf6 6. O-O Bd6 7. h3 Bd7 8. b4 Ne7
9. Nh2 h5 10. Bg5 Nh7 11. Bxe7 Qxe7 12. f4 h4 13. g4 O-O-O 14. a4 Nf6 15. e3
Ne4 16. c4 Bxb4 17. c5 Ng3 18. Rf2 a5 19. Nf3 f6 20. Nfd2 g5 21. e4 c6 22. Qf3
Rhf8 23. f5 exf5 24. exf5 Rde8 25. Nf1 Be1 26. Rc2 Nxf1 27. Bxf1 Bb4 28. Nc3
Qd8 29. Na2 Re4 30. Rd1 Rfe8 31. Nxb4 axb4 32. Qb3 Qa5 33. Kh2 Re3 34. Rd3 Qc7+
35. Kh1 Re1 36. Rf2 Qa5 37. Kg2 R8e4 38. Kg1 Qc7 39. Qxb4 R4e3 40. Rxe3 Rxe3
41. a5 Qg3+ 42. Bg2 Rb3 43. Qe1 Qd3 44. Rd2 Qb5 45. Rd1 Ra3 46. Qe7 Rg3 47.
Qf8+ Kc7 48. Qd6+ Kc8 49. Qf8+ Kc7 50. Qxf6 Rxg2+ 51. Kh1 Qe2 52. Qe5+ Kc8 53.
Qxe2 Rxe2 54. Rf1 Kd8 55. f6 Ke8 56. Rb1 Bc8 57. Rb3 Rf2 58. Re3+ Kf7 59. Re7+
Kxf6 60. Rc7 Be6 61. Rxb7 Ra2 62. Rb6 Bd7 63. a6 Ke7 64. Kg1 Ra4 65. Kf2 Rxd4
66. a7 Ra4 67. Rb7 d4 68. Rb4 Rxa7 69. Rxd4 Ra5 70. Rc4 Be6 71. Rc3 Bd5 72. Ke3
Ra4 73. Kf2 Rf4+ 74. Ke2 Kf6 75. Re3 Rc4 76. Kd3 Rxc5 77. Kd2 Ra5 78. Rc3 Ra2+
79. Kd3 Ke5 80. Ke3 Rh2 81. Rc1 Rxh3+ 82. Kf2 Rf3+ 83. Ke1 h3 84. Rc2 Kf4 85.
Ra2 Bxa2 0-1

[Event "Faxe Dags EMT 2012"]
[Site "Faxe"]
[Date "2012.05.16"]
[Round "7"]
[White "Larsen, Poul Erik"]
[Black "Andersen, Hans Poul"]
[Result "0-1"]
[WhiteElo "1307"]
[BlackElo "1202"]
[PlyCount "112"]
[EventDate "2012.??.??"]

1. e4 e5 2. d4 Bd6 3. d5 Nf6 4. Qf3 h6 5. Nd2 a6 6. Bd3 c6 7. c4 b5 8. b3 Bb4
9. a3 Bc3 10. Ra2 d6 11. h3 cxd5 12. cxd5 Nbd7 13. Ne2 Bxd2+ 14. Bxd2 Nc5 15.
Bc2 Bd7 16. b4 Na4 17. Nc3 Rc8 18. Nxa4 bxa4 19. O-O Bb5 20. Bd3 O-O 21. Re1
Nh7 22. Qg3 Qf6 23. Bxb5 axb5 24. f4 Rfe8 25. f5 Rc4 26. Re2 Rec8 27. Qf2 Ng5
28. Bxg5 Qxg5 29. g3 f6 30. Kg2 Qc1 31. h4 Rc3 32. Qb6 Rxg3+ 33. Kxg3 Qf4+ 34.
Kg2 Qg4+ 35. Kf1 Rc1+ 36. Re1 Qf3+ 37. Qf2 Qh1+ 38. Ke2 Qxe4+ 39. Kd2 Rxe1 40.
Qxe1 Qxd5+ 41. Kc1 Qxa2 42. Qc3 Kh7 43. Qd3 Qa1+ 44. Kc2 Qa2+ 45. Kc1 d5 46.
Qxb5 Qxa3+ 47. Kb1 Qb3+ 48. Kc1 a3 49. Qe8 Qb2+ 50. Kd1 Qb1+ 51. Ke2 Qxf5 52.
Qa4 Qe4+ 53. Kd2 Qd4+ 54. Kc1 Qb2+ 55. Kd1 a2 56. Qc2+ Qxc2+ 0-1

[Event "Faxe Dags EMT 2012"]
[Site "Faxe"]
[Date "2012.05.16"]
[Round "7"]
[White "Joost, Kjeld"]
[Black "Adrian, Michael"]
[Result "0-1"]
[WhiteElo "1254"]
[BlackElo "1390"]
[PlyCount "56"]
[EventDate "2012.??.??"]

1. e4 e5 2. Nf3 Bc5 3. Nc3 Nc6 4. Bc4 Nf6 5. d3 d6 6. Bg5 Bg4 7. h3 Bh5 8. Qd2
Bxf3 9. gxf3 Nd4 10. Qd1 h6 11. Be3 Nh5 12. Bxd4 Bxd4 13. Qd2 Qh4 14. Nd1 Nf4
15. c3 Bb6 16. d4 Rd8 17. Ne3 O-O 18. O-O-O Ba5 19. Rdg1 g6 20. Rg4 Qf6 21.
Rhg1 Kh7 22. h4 c6 23. h5 g5 24. Ng2 Nxh5 25. Rh1 Nf4 26. Nxf4 exf4 27. e5 dxe5
28. Qc2+ Kg7 0-1